Niger : Request for a Three-Year Arrangement Under the Extended Credit Facility-Press Release; Staff Report; and Statement by the Executive Director for Niger.

Niger's new government developed an ambitious reform agenda in the face of daunting challenges. The previous ECF-supported program was able to preserve macroeconomic stability and implement some key PFM reforms, notwithstanding the pandemic. However, progress on revenue mobilization was more li...

Descrizione completa

Dettagli Bibliografici
Ente Autore: International Monetary Fund. African Dept
Natura: Periodico
Lingua:English
Pubblicazione: Washington, D.C. : International Monetary Fund, 2021.
Serie:IMF Staff Country Reports; Country Report ; No. 2021/271
Soggetti:
Accesso online:Full text available on IMF
LEADER 02049cas a2200289 a 4500
001 AALejournalIMF022253
008 230101c9999 xx r poo 0 0eng d
020 |c 5.00 USD 
020 |z 9781616358648 
022 |a 1934-7685 
040 |a BD-DhAAL  |c BD-DhAAL 
110 2 |a International Monetary Fund.  |b African Dept. 
245 1 0 |a Niger :   |b Request for a Three-Year Arrangement Under the Extended Credit Facility-Press Release; Staff Report; and Statement by the Executive Director for Niger. 
264 1 |a Washington, D.C. :  |b International Monetary Fund,  |c 2021. 
300 |a 1 online resource (103 pages) 
490 1 |a IMF Staff Country Reports 
500 |a <strong>Off-Campus Access:</strong> No User ID or Password Required 
500 |a <strong>On-Campus Access:</strong> No User ID or Password Required 
506 |a Electronic access restricted to authorized BRAC University faculty, staff and students 
520 3 |a Niger's new government developed an ambitious reform agenda in the face of daunting challenges. The previous ECF-supported program was able to preserve macroeconomic stability and implement some key PFM reforms, notwithstanding the pandemic. However, progress on revenue mobilization was more limited, reflecting capacity constraints and a challenging environment. For the new government to achieve its development goals, it will have to overcome deep-seated social and political divisions and a deteriorating regional security situation. Enhanced reforms and the advent of oil exports over the medium-term offer hope that greater domestic resources can be marshalled to accelerate growth and poverty reduction. 
538 |a Mode of access: Internet 
650 7 |a International Agreements and Observance  |2 imf 
650 7 |a International Organizations  |2 imf 
650 7 |a Monetary Policy  |2 imf 
651 7 |a Niger  |2 imf 
830 0 |a IMF Staff Country Reports; Country Report ;  |v No. 2021/271 
856 4 0 |z Full text available on IMF  |u http://elibrary.imf.org/view/journals/002/2021/271/002.2021.issue-271-en.xml  |z IMF e-Library